[Event "CCT Play-in Chessable Masters 2024"]
[Site "Online"]
[Date "2024.01.31"]
[Round "3"]
[White "Olafsson, Helgi"]
[Black "Bartel, Mateusz"]
[Result "0-1"]
[WhiteElo "2471"]
[BlackElo "2657"]
[Annotator "TA"]
[PlyCount "88"]
[EventDate "2024.01.26"]
[EventType "swiss"]
[EventCountry "NET"]
[SourceTitle "playchess.com"]
[Source "ChessBase"]
[SourceQuality "1"]

1. d4 d5 2. Nf3 Nf6 3. c4 e6 4. g3 h6 5. Bg2 Be7 6. O-O O-O 7. b3 b6 8. Bb2 Bb7 9. Nbd2 a5 10. Qc2 Na6 11. Rac1 Nb4 12. Qb1 dxc4 13. a3 c3 14. Rxc3 Na6 15. Rd1 c5 16. Nc4 Be4 17. Qc1 Nd5 18. dxc5 Nxc5 19. Re3 Qe8 20. Rxe4 Nxe4 21. Nfe5 Nc5 22. Bxd5 exd5 23. Nxb6 Rb8 24. Nxd5 Rxb3 25. Nc6 Bg5 26. Qxc5 Rxb2 27. e3 Qe4 28. Qxa5 Bxe3 29. Nce7+ Kh8 30. Nxe3 Qxe7 31. Qc3 Rfb8 32. h4 Qe4 33. Qd4 Qf3 34. Nf1 Rxf2 35. Qxf2 Qxd1 36. Qxf7 Qd4+ 37. Kg2 Qe4+ 38. Kh3 Qd3 39. Qf4 Re8 40. Nd2 Qxa3 41. Nf3 Qe7 42. h5 Rf8 43. Qg4 Qe2 44. Nh2 Qe3 0-1

[Event "CCT Play-in Chessable Masters 2024"]
[Site "Online"]
[Date "2024.01.31"]
[Round "3"]
[White "Zhu, Jiner"]
[Black "GMBenjaminBok"]
[Result "1-0"]
[WhiteElo "2467"]
[BlackElo "2584"]
[Annotator "RC"]
[PlyCount "81"]
[EventDate "2024.01.26"]
[EventType "swiss"]
[EventCountry "NET"]
[SourceTitle "playchess.com"]
[Source "ChessBase"]
[SourceQuality "1"]

1. e4 c5 2. Nf3 d6 3. d4 cxd4 4. Nxd4 Nf6 5. Nc3 a6 6. Be3 e5 7. Nf3 Be7 8. Bc4 O-O 9. O-O Nc6 10. Bb3 h6 11. Nh4 Na5 12. Ng6 Nxb3 13. Nxe7+ Qxe7 14. axb3 b5 15. Nd5 Nxd5 16. Qxd5 Bb7 17. Qd3 Qe6 18. Rfd1 Rad8 19. f3 f5 20. exf5 Rxf5 21. Bb6 Rd7 22. Re1 Qg6 23. Kh1 Rdf7 24. Rad1 Kh7 25. Bf2 e4 26. Qxd6 R7f6 27. Qb8 exf3 28. g3 Qg4 29. Re8 Qh3 30. Rh8+ Kg6 31. Qe8+ Rf7 32. Qe6+ R7f6 33. Qe8+ Rf7 34. Qe6+ Kg5 35. Qe3+ Kh5 36. g4+ Kxg4 37. Rg1+ Kh5 38. Rxg7 R7f6 39. Qe8+ Rf7 40. Rxh6+ Kxh6 41. Qh8# 1-0

[Event "CCT Play-in Chessable Masters 2024"]
[Site "Online"]
[Date "2024.01.31"]
[Round "3"]
[White "Gabrielian, Artur"]
[Black "Vaibhav, Suri"]
[Result "0-1"]
[WhiteElo "2442"]
[BlackElo "2596"]
[Annotator "RC"]
[PlyCount "58"]
[EventDate "2024.01.26"]
[EventType "swiss"]
[EventCountry "NET"]
[SourceTitle "playchess.com"]
[Source "ChessBase"]
[SourceQuality "1"]

1. e4 e5 2. Nf3 Nc6 3. Bb5 Nge7 4. c3 d5 5. d4 a6 6. Ba4 exd4 7. exd5 Qxd5 8. cxd4 Bg4 9. Nc3 Qe6+ 10. Be3 O-O-O 11. O-O Nf5 12. Re1 Nxe3 13. Rxe3 Qh6 14. Rc1 Bd6 15. Bxc6 Bxh2+ 16. Kf1 bxc6 17. Qa4 Bxf3 18. Qxa6+ Kd7 19. d5 Bf4 20. dxc6+ Bxc6 21. Rd1+ Bd6 22. Rxd6+ cxd6 23. Qa7+ Kc8 24. Re7 Qc1+ 25. Ke2 Qxb2+ 26. Kd3 Rd7 27. Rxd7 Bxd7 28. Nd5 Bb5+ 29. Ke3 Qe5+ 0-1

[Event "CCT Play-in Chessable Masters 2024"]
[Site "Online"]
[Date "2024.01.31"]
[Round "3"]
[White "Iskusnyh, Sergei"]
[Black "Gharibyan, Mamikon"]
[Result "1/2-1/2"]
[WhiteElo "2440"]
[BlackElo "2504"]
[Annotator "RC"]
[PlyCount "90"]
[EventDate "2024.01.26"]
[EventType "swiss"]
[EventCountry "NET"]
[SourceTitle "playchess.com"]
[Source "ChessBase"]
[SourceQuality "1"]

1. d4 Nf6 2. c4 e6 3. g3 c5 4. Nf3 cxd4 5. Nxd4 a6 6. Bg2 Qc7 7. Nd2 Be7 8. O-O O-O 9. b3 Nc6 10. Bb2 b6 11. Nxc6 dxc6 12. Nf3 Bb7 13. Be5 Qc8 14. Qc2 h6 15. c5 bxc5 16. Bxf6 Bxf6 17. Rad1 a5 18. Nd2 Be7 19. a4 Ba6 20. Bf3 Qc7 21. Nc4 Rfd8 22. h4 Rd4 23. e3 Rd5 24. Be2 Rb8 25. Kg2 h5 26. Rfe1 g6 27. Kf1 Rb4 28. Nd2 Bxe2+ 29. Kxe2 Qb7 30. Kf1 Kg7 31. Nc4 Rxb3 32. Nxa5 Qa6+ 33. Qc4 Qxc4+ 34. Nxc4 Rb4 35. Rc1 Bd8 36. e4 Rd4 37. Ne5 Rxa4 38. Nxc6 Rd2 39. Nxd8 Raa2 40. Rxc5 Rxf2+ 41. Kg1 Rg2+ 42. Kh1 Rh2+ 43. Kg1 Rhg2+ 44. Kh1 Rh2+ 45. Kg1 Rhg2+ 1/2-1/2

[Event "CCT Play-in Chessable Masters 2024"]
[Site "Online"]
[Date "2024.01.31"]
[Round "3"]
[White "BrandonJacobson"]
[Black "Oparin, Grigoriy"]
[Result "0-1"]
[WhiteElo "2430"]
[BlackElo "2664"]
[Annotator "RC"]
[PlyCount "120"]
[EventDate "2024.01.26"]
[EventType "swiss"]
[EventCountry "NET"]
[SourceTitle "playchess.com"]
[Source "ChessBase"]
[SourceQuality "1"]

1. Nf3 c5 2. c4 Nc6 3. Nc3 Nf6 4. e3 e6 5. d4 d5 6. a3 Ne4 7. Bd3 Nxc3 8. bxc3 dxc4 9. Bxc4 Be7 10. O-O Qc7 11. Qe2 O-O 12. Rd1 Na5 13. Ba2 Bd7 14. Rb1 Ba4 15. Re1 Rac8 16. e4 cxd4 17. cxd4 Qc2 18. d5 exd5 19. exd5 Bd6 20. Be3 Qxe2 21. Rxe2 b6 22. Nd4 g6 23. Bd2 Nc4 24. Bh6 Nxa3 25. Rbe1 Rfe8 26. Nc6 Rxe2 27. Rxe2 Bxc6 28. dxc6 Bf8 29. Bf4 Nb5 30. Bc4 Nd4 31. Rd2 Nxc6 32. h3 Rd8 33. Bd5 Bb4 34. Rd1 Bc5 35. Bg5 Rd7 36. Bf6 Nb4 37. Bf3 Rxd1+ 38. Bxd1 Nd5 39. Be5 b5 40. Bb3 Ne7 41. Bc7 Kf8 42. Kf1 Ke8 43. Ke2 Kd7 44. Bf4 f5 45. Bd2 Bb6 46. Bg5 a5 47. Kd3 a4 48. Ba2 Bxf2 49. Bf6 Bc5 50. g4 fxg4 51. hxg4 Nc6 52. Bg8 Be7 53. Bb2 h5 54. gxh5 gxh5 55. Ke4 h4 56. Bh7 Kc7 57. Kd5 h3 58. Be4 h2 59. Bc1 Bd6 60. Be3 a3 0-1

[Event "CCT Play-in Chessable Masters 2024"]
[Site "Online"]
[Date "2024.01.31"]
[Round "3"]
[White "Fernandez, Daniel"]
[Black "DrVelja"]
[Result "0-1"]
[WhiteElo "2424"]
[BlackElo "2581"]
[Annotator "RC"]
[PlyCount "52"]
[EventDate "2024.01.26"]
[EventType "swiss"]
[EventCountry "NET"]
[SourceTitle "playchess.com"]
[Source "ChessBase"]
[SourceQuality "1"]

1. e4 c5 2. Nf3 Nc6 3. d4 cxd4 4. Nxd4 e6 5. Nc3 a6 6. Qd3 Qc7 7. Nxc6 Qxc6 8. Qg3 b5 9. a3 Bb7 10. Bd3 h5 11. h4 Nf6 12. O-O Ng4 13. Bf4 Bc5 14. Rae1 O-O 15. Be2 f5 16. Bf3 Qb6 17. exf5 Rxf5 18. Bxb7 Qxb7 19. Ne4 Qc6 20. Nxc5 Qxc5 21. c3 e5 22. Be3 Qc4 23. Bg5 Raf8 24. f3 e4 25. b3 Qd3 26. Be7 exf3 0-1

[Event "CCT Play-in Chessable Masters 2024"]
[Site "Online"]
[Date "2024.01.31"]
[Round "3"]
[White "Matinian, Nikita"]
[Black "Petrosyan, Manuel"]
[Result "1/2-1/2"]
[WhiteElo "2418"]
[BlackElo "2627"]
[Annotator "RC"]
[PlyCount "129"]
[EventDate "2024.01.26"]
[EventType "swiss"]
[EventCountry "NET"]
[SourceTitle "playchess.com"]
[Source "ChessBase"]
[SourceQuality "1"]

1. e4 e5 2. Nf3 Nc6 3. Bb5 a6 4. Ba4 Nf6 5. O-O Be7 6. d3 b5 7. Bb3 d6 8. a3 Na5 9. Ba2 c5 10. Nc3 Be6 11. Bg5 Nd7 12. Bxe7 Qxe7 13. Bd5 Rc8 14. Qd2 Nc6 15. Ng5 Bxd5 16. Nxd5 Qd8 17. f4 O-O 18. f5 Nf6 19. Nxf6+ Qxf6 20. g4 Nd4 21. Nf3 h6 22. Rae1 Rfd8 23. c3 Nxf3+ 24. Rxf3 d5 25. Qf2 c4 26. exd5 Rxd5 27. dxc4 Rxc4 28. Rg3 Rf4 29. Qa7 Qh4 30. g5 Rd8 31. Qe7 Rf8 32. f6 Rg4 33. Qxe5 Rxg5 34. fxg7 Rd8 35. Qe3 Kxg7 36. Rf1 Rxg3+ 37. hxg3 Qg5 38. Qf3 Rd7 39. Rf2 h5 40. Kh2 f6 41. Kh3 Re7 42. Qf4 Kg6 43. a4 Re1 44. axb5 axb5 45. Qb8 Qd5 46. Qf4 Rh1+ 47. Rh2 Qe6+ 48. Kg2 Rxh2+ 49. Kxh2 Qe2+ 50. Kh3 Qxb2 51. Qe4+ Kh6 52. Qf4+ Kg7 53. Qc7+ Kg6 54. Qc6 Qe2 55. Qc8 Qc4 56. Qe8+ Kg5 57. Qe3+ Kf5 58. Qe8 Qg4+ 59. Kh2 h4 60. Qxb5+ Kg6 61. Qe8+ Kg7 62. Qe7+ Kg6 63. Qe8+ Kg7 64. Qe7+ Kg6 65. Qe8+ 1/2-1/2

[Event "CCT Play-in Chessable Masters 2024"]
[Site "Online"]
[Date "2024.01.31"]
[Round "3"]
[White "Novik, Maxim"]
[Black "AvitalBor"]
[Result "0-1"]
[WhiteElo "2399"]
[BlackElo "2599"]
[Annotator "RC"]
[PlyCount "96"]
[EventDate "2024.01.26"]
[EventType "swiss"]
[EventCountry "NET"]
[SourceTitle "playchess.com"]
[Source "ChessBase"]
[SourceQuality "1"]

1. e4 e5 2. Nf3 Nc6 3. Bc4 Bc5 4. d3 Nf6 5. O-O d6 6. c3 O-O 7. Re1 a5 8. Nbd2 Be6 9. Bb5 Qb8 10. Nf1 Qa7 11. Be3 Bxe3 12. Nxe3 Ne7 13. Ng5 c6 14. Nxe6 fxe6 15. Ba4 Ng6 16. g3 d5 17. Bc2 Rf7 18. Qe2 Raf8 19. Rf1 Qb6 20. Rab1 Nd7 21. a3 Qc5 22. Rbd1 Qe7 23. d4 Nf4 24. gxf4 exf4 25. Kh1 fxe3 26. fxe3 Qh4 27. Rxf7 Rxf7 28. Rf1 Rxf1+ 29. Qxf1 Nf6 30. exd5 Ng4 31. Qe2 cxd5 32. Kg1 h5 33. e4 Qg5 34. exd5 Qc1+ 35. Kg2 Qxc2 36. Qxc2 Ne3+ 37. Kf3 Nxc2 38. dxe6 Kf8 39. Ke4 Ke7 40. d5 Kd6 41. c4 b6 42. b3 Nxa3 43. Kf5 Nxc4 44. bxc4 a4 45. Kg6 Ke7 46. Kf5 a3 47. Ke5 a2 48. d6+ Kd8 0-1

[Event "CCT Play-in Chessable Masters 2024"]
[Site "Online"]
[Date "2024.01.31"]
[Round "3"]
[White "MikaelyanArman"]
[Black "Mendonca, Leon Luke"]
[Result "0-1"]
[WhiteElo "2356"]
[BlackElo "2608"]
[Annotator "RC"]
[PlyCount "116"]
[EventDate "2024.01.26"]
[EventType "swiss"]
[EventCountry "NET"]
[SourceTitle "playchess.com"]
[Source "ChessBase"]
[SourceQuality "1"]

1. d4 Nf6 2. c4 e6 3. Nf3 b6 4. g3 Bb7 5. Bg2 Be7 6. O-O O-O 7. Nc3 Ne4 8. Bd2 Nxd2 9. Qxd2 d6 10. e4 Nd7 11. Rfe1 a5 12. Rad1 g6 13. h4 Bf6 14. h5 Bg7 15. Qf4 Qe7 16. e5 Rad8 17. h6 Bh8 18. Ng5 Bxg2 19. Kxg2 dxe5 20. dxe5 Nc5 21. Nce4 Nd3 22. Rxd3 Rxd3 23. Nc3 Rfd8 24. Nge4 R3d4 25. b3 Rd3 26. Ne2 Rd1 27. Rxd1 Rxd1 28. g4 Qd8 29. N2g3 Rd4 30. g5 Kf8 31. Kh3 Ke7 32. f3 Rd3 33. Nf6 Qd4 34. Nge4 Rd1 35. Ng8+ Kf8 36. Ngf6 Rh1+ 37. Kg4 Ke7 38. Ng8+ Kf8 39. Ngf6 Qg1+ 40. Ng3 Qh2 41. Nxh1 Qxh1 42. Qd4 Qg2+ 43. Kf4 Bxf6 44. exf6 Ke8 45. Qe4 Kd7 46. Qd4+ Kc8 47. c5 Qh2+ 48. Ke3 bxc5 49. Qe4 Qg1+ 50. Kf4 Qd4 51. a4 Kd7 52. Kg3 Qxe4 53. fxe4 Kd6 54. Kf4 c4 55. bxc4 Kc5 56. Ke3 Kxc4 57. e5 c5 58. Ke4 Kb4 0-1

[Event "CCT Play-in Chessable Masters 2024"]
[Site "Online"]
[Date "2024.01.31"]
[Round "3"]
[White "Sattarov, Bobir"]
[Black "Deac, Bogdan-Daniel"]
[Result "0-1"]
[WhiteElo "2351"]
[BlackElo "2690"]
[Annotator "TA"]
[PlyCount "124"]
[EventDate "2024.01.26"]
[EventType "swiss"]
[EventCountry "NET"]
[SourceTitle "playchess.com"]
[Source "ChessBase"]
[SourceQuality "1"]

1. e4 c6 2. d4 d5 3. exd5 cxd5 4. Bd3 Nf6 5. c3 Bg4 6. Qb3 Qc7 7. Ne2 Nc6 8. Bf4 Qd7 9. Nd2 Bh5 10. Be5 Bxe2 11. Bxe2 e6 12. Nf3 Ne4 13. O-O f6 14. Bf4 Bd6 15. Bxd6 Nxd6 16. Bd3 O-O 17. Rae1 Rae8 18. Re2 g6 19. Rfe1 Kg7 20. Nd2 Re7 21. f4 a6 22. Nf3 b5 23. a3 Rfe8 24. Re3 Qc7 25. g3 f5 26. Qd1 Ne4 27. Qe2 Rf8 28. Qg2 Na5 29. Ne5 Nc4 30. Bxc4 bxc4 31. Rf3 Qb6 32. Re2 Qb3 33. g4 Rb7 34. h4 fxg4 35. Qxg4 Rf5 36. Rf1 Qb5 37. Rg2 Nf6 38. Qe2 Qe8 39. Ng4 Nxg4 40. Qxg4 Kf8 41. Re2 Rbf7 42. Re5 R7f6 43. Kg2 Rxe5 44. fxe5 Rxf1 45. Kxf1 Qf7+ 46. Kg2 Qf5 47. Qg5 Qxg5+ 48. hxg5 Kg7 49. Kg3 h6 50. gxh6+ Kxh6 51. Kh4 g5+ 52. Kg4 Kg6 53. a4 a5 54. Kg3 Kf5 55. Kf3 g4+ 56. Kg3 Kg5 57. Kg2 Kf4 58. Kf2 g3+ 59. Kg2 Kg4 60. Kg1 Kf3 61. Kf1 g2+ 62. Kg1 Kg3 0-1

[Event "CCT Play-in Chessable Masters 2024"]
[Site "Online"]
[Date "2024.01.31"]
[Round "3"]
[White "Elsa167"]
[Black "baki83"]
[Result "1/2-1/2"]
[WhiteElo "2342"]
[BlackElo "2578"]
[Annotator "NA"]
[PlyCount "133"]
[EventDate "2024.01.26"]
[EventType "swiss"]
[EventCountry "NET"]
[SourceTitle "playchess.com"]
[Source "ChessBase"]
[SourceQuality "1"]

1. d4 d5 2. c4 c6 3. cxd5 cxd5 4. Bf4 Nc6 5. e3 e6 6. Nc3 Bd6 7. Bxd6 Qxd6 8. Bd3 Nge7 9. Nf3 a6 10. O-O b5 11. Rc1 Bb7 12. Nd2 Na5 13. Bxb5+ axb5 14. Nxb5 Qb4 15. Nc7+ Kd7 16. Nxa8 Rxa8 17. Qc2 Ba6 18. a3 Qb6 19. Rfd1 Rc8 20. Qxh7 Rxc1 21. Rxc1 Qxb2 22. Qc2 Qxc2 23. Rxc2 Nf5 24. Rc3 Bc4 25. f3 Nd6 26. Rc1 Bd3 27. Rc3 Bh7 28. Nb3 Nac4 29. Nc5+ Kc6 30. a4 e5 31. dxe5 Nf5 32. e6 fxe6 33. Nxe6 Nfxe3 34. a5 Kb5 35. Nc7+ Kc6 36. Ne6 Kb5 37. Rb3+ Kxa5 38. Rb7 Nf5 39. g4 d4 40. gxf5 d3 41. Rd7 Bxf5 42. Rd5+ Kb6 43. Rxf5 Ne3 44. Rf8 d2 45. Rd8 d1=Q+ 46. Rxd1 Nxd1 47. Nxg7 Kc6 48. Nf5 Kd5 49. Kg2 Ke5 50. Ng3 Ne3+ 51. Kf2 Nd1+ 52. Ke2 Nc3+ 53. Ke3 Nd5+ 54. Kf2 Kf4 55. Ne2+ Kg5 56. Kg3 Ne3 57. h4+ Kf5 58. Nd4+ Ke5 59. Ne2 Kf5 60. f4 Nf1+ 61. Kf2 Nd2 62. h5 Ne4+ 63. Kf3 Nd2+ 64. Kg3 Ne4+ 65. Kf3 Nd2+ 66. Kf2 Ne4+ 67. Kf3 1/2-1/2

[Event "CCT Play-in Chessable Masters 2024"]
[Site "Online"]
[Date "2024.01.31"]
[Round "3"]
[White "yobdc"]
[Black "Salinas Herrera, Pablo"]
[Result "0-1"]
[WhiteElo "2336"]
[BlackElo "2477"]
[Annotator "RC"]
[PlyCount "78"]
[EventDate "2024.01.26"]
[EventType "swiss"]
[EventCountry "NET"]
[SourceTitle "playchess.com"]
[Source "ChessBase"]
[SourceQuality "1"]

1. d4 d5 2. c4 e6 3. Nc3 Nf6 4. Nf3 c6 5. e3 Nbd7 6. Qc2 b6 7. cxd5 cxd5 8. Nb5 Bb4+ 9. Bd2 Bxd2+ 10. Nxd2 O-O 11. Rc1 Ne8 12. Bd3 Ndf6 13. Nf3 Bd7 14. Nc3 Nd6 15. Ne5 Qe7 16. g4 Rfc8 17. f3 Be8 18. g5 Nd7 19. h4 Nxe5 20. dxe5 Nc4 21. Kf2 Nxe5 22. Bxh7+ Kh8 23. f4 Nc4 24. Bd3 Nxe3 25. Kxe3 d4+ 26. Kf3 dxc3 27. bxc3 Rc5 28. h5 Rac8 29. h6 Bc6+ 30. Kg4 Bxh1 31. hxg7+ Kxg7 32. Rxh1 f5+ 33. gxf6+ Qxf6 34. Rh7+ Kg8 35. Qa4 Rf5 36. Qe4 Kxh7 37. Qxe6 Qxe6 38. Bxf5+ Qxf5+ 39. Kxf5 Rxc3 0-1

[Event "CCT Play-in Chessable Masters 2024"]
[Site "Online"]
[Date "2024.01.31"]
[Round "3"]
[White "Sethu Madhav Upadhyayula"]
[Black "Pichot, Alan"]
[Result "1/2-1/2"]
[WhiteElo "1502"]
[BlackElo "2644"]
[Annotator "RC"]
[PlyCount "61"]
[EventDate "2024.01.26"]
[EventType "swiss"]
[EventCountry "NET"]
[SourceTitle "playchess.com"]
[Source "ChessBase"]
[SourceQuality "1"]

1. e4 e5 2. Nf3 Nc6 3. Bb5 a6 4. Ba4 Nf6 5. d3 d6 6. c3 g6 7. O-O Bg7 8. h3 O-O 9. Be3 h6 10. Nbd2 b5 11. Bc2 d5 12. a4 Rb8 13. axb5 axb5 14. d4 exd4 15. Nxd4 Nxd4 16. Bxd4 dxe4 17. Nxe4 Nxe4 18. Bxg7 Kxg7 19. Bxe4 Be6 20. Qxd8 Rfxd8 21. Rfd1 Rxd1+ 22. Rxd1 b4 23. cxb4 Rxb4 24. Bf3 c5 25. Rd2 Kf6 26. Bd5 Bxd5 27. Rxd5 c4 28. Rd2 Rb3 29. Rd4 Rxb2 30. Rxc4 Rb1+ 31. Kh2 1/2-1/2

[Event "CCT Play-in Chessable Masters 2024"]
[Site "Online"]
[Date "2024.01.31"]
[Round "4"]
[White "Caruana, Fabiano"]
[Black "Ponkratov, Pavel"]
[Result "0-1"]
[WhiteElo "2804"]
[BlackElo "2614"]
[Annotator "RC"]
[PlyCount "154"]
[EventDate "2024.01.26"]
[EventType "swiss"]
[EventCountry "NET"]
[SourceTitle "playchess.com"]
[Source "ChessBase"]
[SourceQuality "1"]

1. d4 e6 2. c4 Nf6 3. Nc3 Bb4 4. e3 c5 5. Nge2 cxd4 6. exd4 O-O 7. a3 Be7 8. d5 exd5 9. cxd5 Bc5 10. Nd4 d6 11. Be2 Nbd7 12. O-O a6 13. h3 Re8 14. Be3 Ne5 15. Qd2 Bd7 16. Nc2 Rc8 17. Bxc5 Rxc5 18. Ne3 Qc8 19. f4 Ng6 20. Bd3 Ne7 21. Rac1 Qd8 22. Kh2 h6 23. b4 Rc8 24. Ne4 Nxe4 25. Bxe4 Rxc1 26. Rxc1 Kf8 27. Nc4 Bb5 28. Na5 Ng8 29. Bf3 Qb6 30. Qc3 Nf6 31. Re1 Rxe1 32. Qxe1 Qd4 33. Nxb7 Qxf4+ 34. Qg3 Qxg3+ 35. Kxg3 Ke7 36. Na5 g5 37. Kf2 Kd7 38. Ke3 h5 39. Kd4 Bf1 40. Nc4 g4 41. hxg4 hxg4 42. Bd1 Bxg2 43. Ne3 Bf3 44. Bxf3 gxf3 45. a4 f2 46. Nf1 Kc7 47. Nd2 Nd7 48. Ke3 Nb6 49. Kxf2 Nxd5 50. b5 axb5 51. axb5 Nc3 52. Ke3 Nxb5 53. Ke4 Kd7 54. Nf3 Ke6 55. Ng5+ Kf6 56. Nf3 Nc7 57. Nd4 d5+ 58. Ke3 Ke5 59. Nc6+ Kd6 60. Nd4 Ne6 61. Nf3 Nd8 62. Kf4 Ke6 63. Nd4+ Kf6 64. Ke3 Ne6 65. Nc6 Kf5 66. Ne7+ Ke5 67. Nc6+ Kd6 68. Nb4 f5 69. Kd3 f4 70. Kc3 Ke5 71. Kd3 Nc5+ 72. Ke2 Ke4 73. Nc6 f3+ 74. Kd2 Nd7 75. Nd8 Ne5 76. Ne6 Nc4+ 77. Ke1 Ke3 0-1

[Event "CCT Play-in Chessable Masters 2024"]
[Site "Online"]
[Date "2024.01.31"]
[Round "4"]
[White "Firouzja, Alireza"]
[Black "Lagarde, Maxime"]
[Result "1-0"]
[WhiteElo "2759"]
[BlackElo "2642"]
[Annotator "TA"]
[PlyCount "71"]
[EventDate "2024.01.26"]
[EventType "swiss"]
[EventCountry "NET"]
[SourceTitle "playchess.com"]
[Source "ChessBase"]
[SourceQuality "1"]

1. e4 e5 2. Nf3 Nc6 3. Bb5 f5 4. d3 fxe4 5. dxe4 Nf6 6. O-O Bc5 7. Qd3 d6 8. Qc4 Bd7 9. Bxc6 Bxc6 10. Nc3 Bb6 11. a4 a5 12. Be3 Bxe3 13. fxe3 Qe7 14. Ng5 O-O-O 15. Nb5 Kb8 16. Qc3 Nxe4 17. Nxe4 Bxe4 18. Qxa5 Rhf8 19. Qa7+ Kc8 20. Nc3 Bc6 21. b4 Qg5 22. e4 b6 23. Qa6+ Bb7 24. Qd3 Rf4 25. a5 bxa5 26. bxa5 Rdf8 27. Rfb1 Rf3 28. Qb5 Rxc3 29. Qxb7+ Kd7 30. Qb5+ Ke7 31. Qe2 Qe3+ 32. Qxe3 Rxe3 33. a6 Re2 34. Rb3 Rxe4 35. a7 Rc4 36. Rb8 1-0

[Event "CCT Play-in Chessable Masters 2024"]
[Site "Online"]
[Date "2024.01.31"]
[Round "4"]
[White "Le, Quang Liem"]
[Black "chessdjw"]
[Result "1/2-1/2"]
[WhiteElo "2731"]
[BlackElo "2567"]
[Annotator "TA"]
[PlyCount "70"]
[EventDate "2024.01.26"]
[EventType "swiss"]
[EventCountry "NET"]
[SourceTitle "playchess.com"]
[Source "ChessBase"]
[SourceQuality "1"]

1. Nf3 Nf6 2. c4 e6 3. Nc3 d5 4. e3 c5 5. d4 Nc6 6. a3 a6 7. dxc5 Bxc5 8. b4 Bd6 9. Bb2 O-O 10. Qc2 Qe7 11. Rd1 Rd8 12. cxd5 exd5 13. Be2 Be6 14. O-O Rac8 15. Qb1 a5 16. Nb5 axb4 17. Nxd6 Qxd6 18. axb4 Qxb4 19. Bxf6 Qxb1 20. Rxb1 gxf6 21. Rxb7 d4 22. Nxd4 Nxd4 23. exd4 Rxd4 24. Rb2 Rcd8 25. Bf3 Rd2 26. Rxd2 Rxd2 27. Re1 Kg7 28. h4 Rd4 29. g3 Rb4 30. Bg2 Bf5 31. Re3 Rb1+ 32. Kh2 Rb2 33. Rf3 Be4 34. Rf4 Bxg2 35. Kxg2 h5 1/2-1/2

[Event "CCT Play-in Chessable Masters 2024"]
[Site "Online"]
[Date "2024.01.31"]
[Round "4"]
[White "Zohid6"]
[Black "shimastream"]
[Result "0-1"]
[WhiteElo "2725"]
[BlackElo "2610"]
[Annotator "TA"]
[PlyCount "90"]
[EventDate "2024.01.26"]
[EventType "swiss"]
[EventCountry "NET"]
[SourceTitle "playchess.com"]
[Source "ChessBase"]
[SourceQuality "1"]

1. e4 e6 2. d4 d5 3. Nc3 Nf6 4. e5 Nfd7 5. Nce2 c5 6. c3 Nc6 7. Nf3 a6 8. a3 b5 9. Nf4 Qb6 10. Be2 Be7 11. h4 a5 12. Be3 cxd4 13. cxd4 b4 14. O-O Ba6 15. axb4 Bxe2 16. Qxe2 Nxb4 17. Ng5 O-O 18. Rfc1 Rfc8 19. Rc3 Rxc3 20. bxc3 Nc6 21. Nxf7 Kxf7 22. Qf3 Qd8 23. Qh5+ Kg8 24. Nxe6 Qe8 25. Qf3 Nb6 26. Nc7 Qf7 27. Qxf7+ Kxf7 28. e6+ Kg6 29. Rb1 Ra7 30. Bf4 Nc4 31. Nxd5 a4 32. Ne3 N6a5 33. Nd5 Bxh4 34. Rb4 a3 35. Ra4 Rb7 36. Bc7 Rb5 37. Nf4+ Kf5 38. d5 Be7 39. f3 h5 40. g3 g5 41. Nxh5 Rxd5 42. g4+ Kxe6 43. Ng3 Kd7 44. Bb8 Rb5 45. Ne4 Rxb8 0-1

[Event "CCT Play-in Chessable Masters 2024"]
[Site "Online"]
[Date "2024.01.31"]
[Round "4"]
[White "KuzubovYuriy"]
[Black "Vokhidov, Shamsiddin"]
[Result "1/2-1/2"]
[WhiteElo "2697"]
[BlackElo "2596"]
[Annotator "TA"]
[PlyCount "79"]
[EventDate "2024.01.26"]
[EventType "swiss"]
[EventCountry "NET"]
[SourceTitle "playchess.com"]
[Source "ChessBase"]
[SourceQuality "1"]

1. d4 Nf6 2. Nf3 d5 3. c4 e6 4. Nc3 Bb4 5. Bg5 h6 6. Bxf6 Qxf6 7. e3 O-O 8. Rc1 dxc4 9. Bxc4 c5 10. dxc5 Nd7 11. c6 bxc6 12. a3 Bxc3+ 13. Rxc3 Nb6 14. Qd4 Qxd4 15. Nxd4 c5 16. Nb3 Nxc4 17. Rxc4 Rb8 18. Nxc5 Rxb2 19. O-O Rd8 20. h4 Bb7 21. Rb4 Rxb4 22. axb4 Bc6 23. Rc1 Bb5 24. Nb3 Ba4 25. Nd4 Rb8 26. Rc4 a6 27. f4 Bb5 28. Rc7 Be8 29. Ra7 Rxb4 30. Rxa6 Ra4 31. Rb6 Ra7 32. g4 Kf8 33. Kf2 Bd7 34. Kf3 Ke7 35. Ke4 f6 36. Kf3 Rc7 37. Rb1 e5 38. Nf5+ Bxf5 39. gxf5 exf4 40. Kxf4 1/2-1/2

[Event "CCT Play-in Chessable Masters 2024"]
[Site "Online"]
[Date "2024.01.31"]
[Round "4"]
[White "Sarana, Alexey"]
[Black "Mitrabha, Guha"]
[Result "1-0"]
[WhiteElo "2695"]
[BlackElo "2504"]
[Annotator "TA"]
[PlyCount "93"]
[EventDate "2024.01.26"]
[EventType "swiss"]
[EventCountry "NET"]
[SourceTitle "playchess.com"]
[Source "ChessBase"]
[SourceQuality "1"]

1. d4 Nf6 2. c4 e6 3. Nc3 Bb4 4. e3 O-O 5. Bd3 d5 6. a3 Bxc3+ 7. bxc3 b6 8. cxd5 exd5 9. f3 Ba6 10. Ne2 c5 11. O-O Re8 12. Ng3 Bxd3 13. Qxd3 Nc6 14. Bb2 h5 15. e4 h4 16. Nf5 dxe4 17. fxe4 Nxe4 18. d5 c4 19. Qxc4 Na5 20. Qd3 Nc5 21. Qd4 Qg5 22. Bc1 Qg6 23. Nxh4 Qe4 24. Nf5 Re5 25. Ng3 Qxd5 26. Bf4 Rh5 27. Nxh5 Qxh5 28. Rae1 Ne6 29. Qf2 Rd8 30. h3 Nc4 31. a4 Qg6 32. Rd1 Rxd1 33. Rxd1 Qe4 34. Bg3 Qc6 35. Ra1 a5 36. Qf3 Qc8 37. Bf2 Qe8 38. Qd5 Qc8 39. Re1 Nf4 40. Qb5 Ne6 41. Bxb6 Nxb6 42. Qxb6 Qxc3 43. Qb8+ Kh7 44. Qe5 Qb4 45. Qe4+ g6 46. Qxb4 axb4 47. Rb1 1-0

[Event "CCT Play-in Chessable Masters 2024"]
[Site "Online"]
[Date "2024.01.31"]
[Round "4"]
[White "Deac, Bogdan-Daniel"]
[Black "HansOnTwitch"]
[Result "1-0"]
[WhiteElo "2690"]
[BlackElo "2718"]
[Annotator "TA"]
[PlyCount "117"]
[EventDate "2024.01.26"]
[EventType "swiss"]
[EventCountry "NET"]
[SourceTitle "playchess.com"]
[Source "ChessBase"]
[SourceQuality "1"]

1. d4 Nf6 2. c4 e6 3. Nc3 Bb4 4. e3 O-O 5. Bd3 Re8 6. Qc2 d6 7. Nge2 e5 8. O-O Bxc3 9. Nxc3 exd4 10. exd4 Nc6 11. Qd1 h6 12. d5 Ne5 13. Be2 Bg4 14. f3 Bf5 15. b3 Bh7 16. Bb2 Qd7 17. Qd4 Qf5 18. Rad1 a6 19. h3 Ned7 20. Ne4 Qh5 21. Ng3 Qe5 22. Qxe5 Nxe5 23. Rfe1 a5 24. Kf2 a4 25. b4 a3 26. Bc3 h5 27. Nf1 h4 28. Rd4 g5 29. Bd2 c5 30. dxc6 Nxc6 31. Rxd6 Nh5 32. b5 Ne7 33. Bd3 Nf5 34. Rxe8+ Rxe8 35. Bxf5 Bxf5 36. Bxg5 Bb1 37. Rd2 f6 38. Bxh4 Nf4 39. Bxf6 Nd3+ 40. Kg3 Kf7 41. Bd4 Rd8 42. Bb6 Rd6 43. Be3 Ke6 44. Kh2 Rd7 45. Bb6 Ne5 46. Bc5 Nxc4 47. Rxd7 Kxd7 48. Ne3 Nxe3 49. Bxe3 Bxa2 50. Bc1 Bc4 51. Bxa3 Bxb5 52. g4 Bd3 53. Kg3 Ke6 54. Kf4 Be2 55. h4 b5 56. h5 Bd1 57. Bb2 Kf7 58. g5 Bc2 59. g6+ 1-0